=LDR 00000nam 2200000 4500 =001 INLIS000000000022783 =005 20130612121515 =008 ***********************************Ind** =035 ##$$0010-061300000022783 =041 ##$$a Ind =082 ##$$a 650 =090 ##$$a 650, Wid s =100 ##$$a Widyatmoko, Agoeng =245 ##$$a 100 peluang usaha, Agoeng Widyatmoko =260 ##$$a 2006 $b jakarta =300 ##$$a x, 218 hlm, ilus, 19 cm =650 ##$$a Bisnis =850 ##$$a NBPNMAT